Statistiques concernant Régions d'Espagne - Quiz

Cliquez ici pour prendre le quiz!

Statistiques générales

  • Ce quiz a été pris 28 060 fois
  • Le résultat moyen est 10 sur 17

Réponses sur la Carte

Les réponses sont colorées sur une échelle allant du rouge au vert en fonction du pourcentage des utilisateurs qui les ont devinées à leur premier essai. Vous pouvez retrouver ces pourcentages ci-dessous.
 

Statistiques - réponses

Communauté% Correct
Catalogne
93%
Andalousie
91%
Madrid
77%
Pays basque
76%
Îles Canaries
75%
Îles Baléares
70%
Galice
64%
Castille-et-León
58%
Aragon
54%
Pays valencien
50%
Castille-La Manche
47%
Murcie
47%
Asturies
45%
Navarre
45%
Estrémadure
42%
La Rioja
31%
Cantabrie
28%

Distribution des résultats

Percentile par nombre de réponses

% des personnes avec chaque résultat

Votre développement - résultats

Vous n’avez pas pris ce quiz